| 000 | 01478nam a2200301 i 4500 | ||
|---|---|---|---|
| 003 | CSPC | ||
| 005 | 20241125160716.0 | ||
| 008 | 241122s2021 at a 001 0 eng d | ||
| 020 | _a9780357113516 | ||
| 040 |
_cCSPC _aCSPC _beng _erda |
||
| 050 | 0 | 0 |
_aQA303.2 _b.S7315 2021 |
| 082 | 0 | 4 |
_a515 _bSt491c |
| 100 | 1 |
_aStewart, James, _eauthor. |
|
| 245 | 1 | 0 |
_aCalculus : _bearly transcendentals, metric version / _cJames Stewart, Daniel Clegg, and Saleem Watson. |
| 250 | _aNinth edition. | ||
| 264 | 1 |
_aAustralia : _bCengage, _c2021. |
|
| 300 |
_axxx, 1214 [A-158] pages : _billustrations ; _c26 cm. |
||
| 336 |
_atext _2rdacontent |
||
| 337 |
_aunmediated _2rdamedia |
||
| 338 |
_avolume _2rdacarrier |
||
| 500 | _aIncludes index. | ||
| 505 | 0 | _aFunctions and models -- Limits and derivatives -- Differentiation rules -- Applications of differentiation -- Integrals -- Applications of integration -- Techniques of integration -- Further applications of integration -- Differential equations -- Parametric equations and polar coordinates -- Sequences, series, and power series -- Vectors and the geometry of space -- Vectors functions -- Partial derivatives -- Multiple integrals -- Vector calculus. | |
| 650 | 0 |
_aCalculus _vTextbooks. |
|
| 700 | 1 |
_aClegg, Daniel, _eauthor. |
|
| 700 | 1 |
_aWatson, Saleem, _eauthor. |
|
| 942 |
_2ddc _n0 _cBK _h515 _iSt491c _kENG _m2021 |
||
| 999 |
_c28512 _d28512 |
||